000
00254nam a2200097Ia 4500
001
802703
005
20250826171101.0
008
250824s9999 xx 000 0 und d
245
0
_a
TANKLAR KABE YE DAYANMADAN
_c
İBRAHİM KARAGÜL
260
_b
KETEBE YAYINLARI
999
_c
802703
_d
802703